000 01521cas a22002777a 4500
001 135078
003 UA-OsUOA
005 20230612125111.0
007 ta
008 201901c un mr|n||00| 0 ukrcdukr d
040 _aUA-OsUOA
_bukr
_cUA-OsUOA
_dUA-OsUOA
041 _aukr
044 _aUA
080 _a94(477)
090 _a94(477)
_bИ90
099 _a68966
245 _aІсторія плюс
_cгол. ред. Стецишин О.
260 _aЛьвів
_bТзОВ "Редакційні системи"
310 _aщомісяця
505 _aПерша газета, яка відкриває не знані загалу, але по-справжньому захопливі сторінки історії – світу та України. Що насправді відбувалося за лаштунками гучних історичних подій? Маловідомі сторінки з життя людей, що вершили долю світу. Факти, які сторіччями ретельно приховували. Справжні герої. Драми та тріумфи і їх детальний аналіз. Неперекручена історія. Захоплива історія. Історія, яку варто знати кожному.
650 7 _a9 Географія. Біографії. Історія
_2UDC
942 _cNP
_2udc
_s1
955 _a2
999 _c415862
_d415862